Statistics for Countries Containing W - One Minute Sprint

Click here to take the quiz!

General Stats

  • This quiz has been taken 124 times
  • The average score is 6 of 12

Answer Stats

Country% Correct
New Zealand
76%
Swaziland
75%
Sweden
71%
Switzerland
71%
Malawi
57%
Rwanda
55%
Zimbabwe
52%
Botswana
43%
Norway
35%
Papua New Guinea
35%
Kuwait
34%
Taiwan
27%

Score Distribution

Percentile by Number Answered

Percent of People with Each Score

Your Score History

You have not taken this quiz